000 00748nam a2200253Ia 4500
003 GCL
005 20240530102301.0
008 140319s9999 xx 000 0 ara d
040 _aGCL /
_cGCL
082 0 4 _a370.1/
_bس م
100 0 _aسعد مرسى احمد
245 1 0 _aمختارات من تطور الفكر التربوى /
_cسعد مرسى احمد
260 _aالقاهرة :
_bعالم الكتب الحديث ،
_c1983
300 _a283 ص
650 0 4 _aالعصر الحديث
650 0 4 _aتاريخ
650 0 4 _aالتعليم
650 0 4 _aالتربية
650 0 4 _aفلسفة
650 0 4 _aنظريات
650 0 4 _aالعصور الوسطى
650 0 4 _aالعصور القديمة
942 _2ddc
_cBK
999 _c31151
_d31151